| 000 | 00549nam a22001697a 4500 | ||
|---|---|---|---|
| 005 | 20251108175435.0 | ||
| 008 | 250721s2014 xx 000 0 ara d | ||
| 082 | 1 | 4 | _a398.22/ماج |
| 100 | 1 | _aالماجدي، خزعل | |
| 245 | 1 | 0 | _aآلهة شام : دراسة في شجرة وأساطير الآلهة الكنعانية / |
| 264 | 1 |
_aراس الخيمة : _bدار نون للنشر، _c2014. |
|
| 300 | _a230 ص. | ||
| 650 | 1 | 7 | _aعلم الأساطير |
| 650 | 1 | 7 | _aالتاريخ القديم |
| 942 |
_2ddc _cBK |
||
| 999 |
_c134161 _d134161 |
||